Advanced financial accounting, vol. 2 : (Record no. 3772)

MARC details
000 -LEADER
fixed length control field 00678nam a22002057a 4500
003 - CONTROL NUMBER IDENTIFIER
control field OSt
005 - DATE AND TIME OF LATEST TRANSACTION
control field 20250806082123.0
008 - FIXED-LENGTH DATA ELEMENTS--GENERAL INFORMATION
fixed length control field 250718b |||||||| |||| 00| 0 eng d
020 ## - INTERNATIONAL STANDARD BOOK NUMBER
International Standard Book Number 9786219522939
040 ## - CATALOGING SOURCE
Original cataloging agency DWCL-Main lib
Transcribing agency OC
082 ## - DEWEY DECIMAL CLASSIFICATION NUMBER
Classification number Fil. 657.046 D273a 2015
100 ## - MAIN ENTRY--PERSONAL NAME
Personal name Dayag, Antonio J.
245 ## - TITLE STATEMENT
Title Advanced financial accounting, vol. 2 :
Remainder of title a comprehensive and procedural approach/
Statement of responsibility, etc. Antonio J. Dayag
250 ## - EDITION STATEMENT
Edition statement 2016 edition
260 ## - PUBLICATION, DISTRIBUTION, ETC.
Place of publication, distribution, etc. Manila :
Name of publisher, distributor, etc. Lajara Publishing House,
Date of publication, distribution, etc. c2015.
300 ## - PHYSICAL DESCRIPTION
Extent vi, 1102 pages ;
Dimensions 25 cm.
504 ## - BIBLIOGRAPHY, ETC. NOTE
Bibliography, etc. note Includes bibliographical references.
650 ## - SUBJECT ADDED ENTRY--TOPICAL TERM
Topical term or geographic name entry element 1. Accounting.
942 ## - ADDED ENTRY ELEMENTS (KOHA)
Source of classification or shelving scheme Dewey Decimal Classification
Koha item type Book-Filipiniana
Edition 2016 edition
Call number prefix Fil.
Suppress in OPAC No
952 ## - LOCATION AND ITEM INFORMATION (KOHA)
--
952 ## - LOCATION AND ITEM INFORMATION (KOHA)
--
Holdings
Withdrawn status Lost status Source of classification or shelving scheme Damaged status Not for loan Home library Current library Shelving location Date acquired Source of acquisition Total Checkouts Full call number Barcode Date last seen Copy number Price effective from Koha item type Uniform Resource Identifier
    Dewey Decimal Classification     College Library College Library Filipiniana 11/17/2016 School Fund   Fil. 657.046 D273a 51423 07/18/2025 c2 07/18/2025 BK - FIL
    Dewey Decimal Classification     College Library College Library Filipiniana 11/17/2016 School Fund   Fil. 657.046 D273a 51421 07/18/2025 c1 07/18/2025 BK - FIL